000 00487nam a22001697a 4500
020 _a97893888807098
082 _aM803
_bREJ/T
100 _aReji T Thomas
_9180129
245 _aThilakante arangu/
_cby Reji T Thomas
260 _aKottayam:
_bSahithya Pravarthaka Co-operative Society,
_c2019.
300 _a95p.
650 _aMemoirs Thilakan
_9180130
650 _aMemoirs Malayalam
_9180131
650 _aLiterature Malayalam
_9180132
650 _aLiterature
_9180133
942 _cBK
999 _c143118
_d143118